[Event "American World Cup Q Prelim"]
[Site "Tornelo INT"]
[Date "2021.05.09"]
[Round "8"]
[White "Flores Rodriguez, Astrid Aphril"]
[Black "Gamboa Alvarado, Olga Leticia"]
[Result "1-0"]
[WhiteElo "1618"]
[BlackElo "1865"]
[PlyCount "45"]
[EventDate "2021.05.08"]
[EventType "swiss (rapid)"]
[EventRounds "9"]
[EventCountry "USA"]
[SourceTitle "CBM 202 Extra"]
[Source "ChessBase"]
[SourceDate "2021.07.31"]
[SourceVersion "1"]
[SourceVersionDate "2021.07.31"]
[SourceQuality "1"]

1. e4 d6 2. d4 Nf6 3. Nc3 g6 4. Be3 Bg7 5. Qd2 c6 6. h3 b5 7. Bd3 Qc7 8. a3 Nbd7 9. Nf3 Bb7 10. 0-0 a6 11. Rad1 c5 12. d5 0-0 13. Bh6 Rac8 14. Bxg7 Kxg7 15. Rfe1 b4 16. axb4 cxb4 17. Ne2 a5 18. Ned4 Nc5 19. Rc1 Qb6 20. Qg5 h6 21. Nf5+ Kg8 22. Nxe7+ Kg7 23. Nf5+ 1-0

[Event "American World Cup Q Prelim"]
[Site "Tornelo INT"]
[Date "2021.05.09"]
[Round "6"]
[White "Gamboa Alvarado, Olga Leticia"]
[Black "Miranda Llanes, Yerisbel"]
[Result "1-0"]
[WhiteElo "1865"]
[BlackElo "2262"]
[PlyCount "101"]
[EventDate "2021.05.08"]
[EventType "swiss (rapid)"]
[EventRounds "9"]
[EventCountry "USA"]
[SourceTitle "CBM 202 Extra"]
[Source "ChessBase"]
[SourceDate "2021.07.31"]
[SourceVersion "1"]
[SourceVersionDate "2021.07.31"]
[SourceQuality "1"]

1. d4 Nf6 2. Nf3 d5 3. e3 e6 4. Bd3 Be7 5. 0-0 0-0 6. b3 b6 7. Bb2 Ba6 8. Qe2 Bxd3 9. Qxd3 c5 10. c4 dxc4 11. bxc4 Nc6 12. Rd1 Rc8 13. a3 Na5 14. Nbd2 Qc7 15. Rac1 Rfd8 16. Qe2 Qb7 17. Ne5 Ne4 18. Qf3 Nxd2 19. Qxf7+ Kh8 20. Rxd2 Nb3 21. d5 Rg8 22. Rcd1 Nxd2 23. Rxd2 Qc7 24. d6 Bxd6 25. Qxc7 Rxc7 26. Rxd6 Re8 27. a4 Kg8 28. f4 Kf8 29. Kf2 Ke7 30. Rd3 Rd8 31. Rxd8 Kxd8 32. Kf3 Kc8 33. Ke4 Kb7 34. Bc3 Ka6 35. g4 Rc8 36. Nf7 Rf8 37. Ng5 Rd8 38. Nxe6 Rd1 39. Bxg7 Ka5 40. f5 Kxa4 41. f6 Rd7 42. Ng5 Kb3 43. f7 Rxf7 44. Nxf7 Kxc4 45. Nd6+ Kb3 46. Kd5 a5 47. e4 a4 48. e5 c4 49. Nxc4 b5 50. Nd2+ Kc2 51. Kc5 1-0

[Event "American World Cup Q Prelim"]
[Site "Tornelo INT"]
[Date "2021.05.08"]
[Round "3"]
[White "Gamboa Alvarado, Olga Leticia"]
[Black "Gedajlovic, Max"]
[Result "1/2-1/2"]
[WhiteElo "1865"]
[BlackElo "2270"]
[PlyCount "112"]
[EventDate "2021.05.08"]
[EventType "swiss (rapid)"]
[EventRounds "9"]
[EventCountry "USA"]
[SourceTitle "CBM 202 Extra"]
[Source "ChessBase"]
[SourceDate "2021.07.31"]
[SourceVersion "1"]
[SourceVersionDate "2021.07.31"]
[SourceQuality "1"]

1. d4 Nf6 2. Nf3 e6 3. e3 b6 4. Bd3 Bb7 5. 0-0 g6 6. c4 Bg7 7. Nc3 0-0 8. e4 d6 9. Bg5 Qe8 10. Qd2 a6 11. Bh6 e5 12. Bxg7 Kxg7 13. dxe5 dxe5 14. Qg5 Nfd7 15. Nd5 Bxd5 16. cxd5 f6 17. Qe3 a5 18. Rac1 Nc5 19. Rxc5 bxc5 20. Qxc5 Rf7 21. Rc1 Qa4 22. a3 Qb3 23. Qc3 Qxc3 24. Rxc3 Ra7 25. Nd2 Nd7 26. b3 f5 27. f3 h5 28. Kf2 fxe4 29. Nxe4 Nf6 30. Nxf6 Rxf6 31. Ke3 Rf4 32. Rc6 Rf6 33. Rc5 Rb6 34. Bc2 Kf6 35. Ke4 Rd6 36. h4 Rb6 37. Rc3 Rd6 38. Rc5 c6 39. dxc6 Rc7 40. Rxa5 Rdxc6 41. Bd3 Rd6 42. Bc4 Rd4+ 43. Ke3 Rxh4 44. Ra6+ Kg7 45. Re6 Rhxc4 46. bxc4 Rxc4 47. Rxe5 Rc3+ 48. Kf4 Rxa3 49. Kg5 Ra7 50. g4 hxg4 51. fxg4 Rb7 52. Rd5 Rc7 53. Re5 Rd7 54. Rc5 Re7 55. Rd5 Rf7 56. Re5 Rd7 1/2-1/2

[Event "CRI-ch"]
[Site "San Jose"]
[Date "2020.01.19"]
[Round "10"]
[White "Diaz Charpentier, Kristel Melissa"]
[Black "Gamboa Alvarado, Olga Leticia"]
[Result "1-0"]
[WhiteElo "1753"]
[BlackElo "1978"]
[PlyCount "61"]
[EventDate "2020.01.10"]
[EventType "swiss"]
[EventRounds "11"]
[EventCountry "CRI"]
[SourceTitle "CBM 194 Extra"]
[Source "ChessBase"]
[SourceDate "2020.03.31"]
[SourceVersion "1"]
[SourceVersionDate "2020.03.31"]
[SourceQuality "1"]

1. e4 d6 2. d4 Nf6 3. Nc3 g6 4. f4 Bg7 5. Nf3 c5 6. d5 0-0 7. Be2 Na6 8. 0-0 Bg4 9. h3 Bxf3 10. Bxf3 Nc7 11. a4 b6 12. e5 Nd7 13. e6 Nf6 14. g4 fxe6 15. dxe6 Rb8 16. f5 gxf5 17. gxf5 d5 18. Bf4 a6 19. Qe2 Kh8 20. Rad1 d4 21. Ne4 Nfd5 22. Bg4 Nxf4 23. Rxf4 Nd5 24. Rf3 Qe8 25. Ng5 h5 26. Nf7+ Kg8 27. Bxh5 Qxa4 28. Rg3 Ne3 29. Qf3 Rxf7 30. Bxf7+ Kf8 31. Qh5 1-0

[Event "Panama Caribe-ch (Women)"]
[Site "Panama"]
[Date "2019.08.16"]
[Round "4"]
[White "Rondon Chacon, Yolys Desiree"]
[Black "Gamboa Alvarado, Olga Leticia"]
[Result "0-1"]
[WhiteElo "1728"]
[BlackElo "1973"]
[PlyCount "120"]
[EventDate "2019.08.14"]
[EventType "swiss"]
[EventRounds "9"]
[EventCountry "PAN"]
[SourceTitle "EXT 2020"]
[Source "ChessBase"]
[SourceDate "2019.10.17"]
[SourceVersion "1"]
[SourceVersionDate "2019.10.17"]
[SourceQuality "1"]

1. d4 Nf6 2. Nf3 c5 3. c3 g6 4. g3 Bg7 5. Bg2 0-0 6. 0-0 d6 7. b3 Nbd7 8. Bb2 Qc7 9. Re1 Rb8 10. Nbd2 b6 11. e4 e5 12. dxe5 dxe5 13. c4 Bb7 14. Qc2 Rbd8 15. Rad1 Rfe8 16. Kh1 Nb8 17. Ng1 Nc6 18. a3 Nd4 19. Qb1 Ng4 20. Nh3 Bh6 21. Bc1 Rd7 22. Nf1 Bxc1 23. Rxc1 Kg7 24. f3 Nh6 25. Ne3 Qd8 26. Nd5 f5 27. Qd3 Rf7 28. Rf1 Ref8 29. Rce1 fxe4 30. Qxe4 Bxd5 31. Qxe5+ Qf6 32. Qxf6+ Rxf6 33. cxd5 Nxb3 34. Ng5 Nd4 35. Re7+ Nf7 36. Ne6+ Kg8 37. Nxf8 Kxf8 38. Rxa7 Nb5 39. Ra8+ Ke7 40. Re1+ Kd6 41. f4 Nc7 42. Rb8 Nxd5 43. Bxd5 Kxd5 44. Rd1+ Kc6 45. Re8 Nd6 46. Re3 Nc4 47. Rc3 Nb2 48. Rdc1 Na4 49. Rc4 b5 50. Re4 Rd6 51. Re3 Rd2 52. Rb3 c4 53. Rb4 Kc5 54. Re1 c3 55. Re5+ Kc6 56. Rb1 c2 57. Rc1 Rd1+ 58. Re1 Nc3 59. Kg2 Rxe1 60. Rxc2 Re2+ 0-1

[Event "Panama Caribe-ch (Women)"]
[Site "Panama"]
[Date "2019.08.15"]
[Round "3"]
[White "Gamboa Alvarado, Olga Leticia"]
[Black "Mantilla Gras, Geydis de la C"]
[Result "1/2-1/2"]
[WhiteElo "1973"]
[BlackElo "1983"]
[PlyCount "91"]
[EventDate "2019.08.14"]
[EventType "swiss"]
[EventRounds "9"]
[EventCountry "PAN"]
[SourceTitle "EXT 2020"]
[Source "ChessBase"]
[SourceDate "2019.10.17"]
[SourceVersion "1"]
[SourceVersionDate "2019.10.17"]
[SourceQuality "1"]

1. d4 Nf6 2. c4 g6 3. Nc3 d5 4. cxd5 Nxd5 5. e4 Nxc3 6. bxc3 Bg7 7. Bc4 c5 8. Ne2 Nc6 9. Be3 cxd4 10. cxd4 0-0 11. 0-0 Na5 12. Bd3 b6 13. Rc1 Bd7 14. Qd2 e5 15. d5 Nb7 16. Rc3 Re8 17. Rfc1 Bf8 18. Rb1 Nc5 19. f3 f5 20. Bg5 Be7 21. Bxe7 Qxe7 22. Bc4 Qd6 23. Qe3 f4 24. Qf2 g5 25. Nc1 Rac8 26. Rc2 g4 27. Nb3 Kh8 28. Nxc5 Rxc5 29. Rbc1 Rg8 30. fxg4 Bxg4 31. Be2 Rxc2 32. Rxc2 Bd7 33. Qh4 b5 34. Qf2 Qb4 35. Rc7 Bh3 36. Bf1 Qxe4 37. Rc3 Bg4 38. Qxa7 Qxd5 39. Qc5 Qe4 40. Rb3 Be2 41. Qf2 Bc4 42. Rh3 Qf5 43. Rc3 Qe4 44. Rh3 Qf5 45. Rc3 Qe4 46. Rh3 1/2-1/2

[Event "Cartagena zt 2.3 (Women)"]
[Site "Cartagena"]
[Date "2019.07.16"]
[Round "4"]
[White "Onate, Ana Milena"]
[Black "Gamboa Alvarado, Olga Leticia"]
[Result "0-1"]
[WhiteElo "1818"]
[BlackElo "1966"]
[PlyCount "80"]
[EventDate "2019.07.14"]
[EventType "swiss"]
[EventRounds "9"]
[EventCountry "COL"]
[SourceTitle "CBM 191 Extra"]
[Source "ChessBase"]
[SourceDate "2019.09.30"]
[SourceVersion "1"]
[SourceVersionDate "2019.09.30"]
[SourceQuality "1"]

1. d4 Nf6 2. c4 e6 3. a3 b6 4. Nc3 Bb7 5. Bg5 Be7 6. e3 0-0 7. Nf3 c5 8. dxc5 bxc5 9. Be2 Nc6 10. 0-0 h6 11. Bf4 d6 12. h3 Qd7 13. Qc2 e5 14. Bh2 Ne8 15. Rfd1 Qe6 16. Nd5 f5 17. b4 Bd8 18. Rab1 Rb8 19. bxc5 dxc5 20. Ne1 Nf6 21. Nd3 Nd7 22. g4 fxg4 23. Bxg4 Qg6 24. Kf1 Nb6 25. Rb2 Bh4 26. f4 Qe4 27. Qg2 Qxg2+ 28. Kxg2 Nxc4 29. Be6+ Kh8 30. Nxc5 Nxb2 31. Rb1 Bc8 32. Bxc8 Rfxc8 33. fxe5 Nc4 34. Rxb8 Rxb8 35. e6 Rb2+ 36. Kg1 Nxe3 37. Nxe3 Bf2+ 38. Kf1 Bxe3 39. Bd6 Bxc5 40. Bxc5 Kg8 0-1

[Event "Cartagena zt 2.3 (Women)"]
[Site "Cartagena"]
[Date "2019.07.15"]
[Round "2"]
[White "Ocampo Betancur, Cristina Angela"]
[Black "Gamboa Alvarado, Olga Leticia"]
[Result "0-1"]
[WhiteElo "1979"]
[BlackElo "1966"]
[PlyCount "102"]
[EventDate "2019.07.14"]
[EventType "swiss"]
[EventRounds "9"]
[EventCountry "COL"]
[SourceTitle "CBM 191 Extra"]
[Source "ChessBase"]
[SourceDate "2019.09.30"]
[SourceVersion "1"]
[SourceVersionDate "2019.09.30"]
[SourceQuality "1"]

1. e4 d6 2. d4 Nf6 3. Nc3 g6 4. f4 Bg7 5. Nf3 0-0 6. Bd3 Na6 7. 0-0 c5 8. d5 Bg4 9. a3 Nc7 10. h3 Bxf3 11. Qxf3 e6 12. Be3 a6 13. a4 b6 14. Rae1 Rb8 15. g4 Nd7 16. g5 exd5 17. exd5 f5 18. Bf2 Re8 19. Rxe8+ Qxe8 20. Re1 Qf7 21. Bf1 b5 22. axb5 axb5 23. Ra1 b4 24. Na4 Ra8 25. Ra2 Nb6 26. Nxb6 Rxa2 27. Bxc5 dxc5 28. Bc4 Bd4+ 29. Kh2 Rxb2 30. Qd3 Kf8 31. d6 Ne6 32. d7 Ke7 33. Na4 Nxf4 34. Bxf7 Nxd3 35. Nxb2 Nxb2 36. Bg8 Nd1 37. Kg3 Ne3 38. Bxh7 Nxc2 39. Bxg6 b3 40. Bxf5 Na3 41. Kf4 b2 42. h4 b1Q 43. Bxb1 Nxb1 44. h5 Kxd7 45. h6 Ke6 46. g6 Kf6 47. g7 Kf7 48. Ke4 Nc3+ 49. Kf4 Nd5+ 50. Ke4 Ne7 51. Kf4 Kg6 0-1

[Event "San Jose subzonal (Women) 2.3.c"]
[Site "San Jose"]
[Date "2018.03.26"]
[Round "3"]
[White "Gamboa Alvarado, Olga Leticia"]
[Black "Herrera, Marjorie"]
[Result "1-0"]
[WhiteElo "1855"]
[BlackElo "1619"]
[PlyCount "131"]
[EventDate "2018.03.25"]
[EventType "swiss"]
[EventRounds "9"]
[EventCountry "CRI"]
[SourceTitle "EXT 2019"]
[Source "ChessBase"]
[SourceDate "2018.10.10"]
[SourceVersion "1"]
[SourceVersionDate "2018.10.10"]
[SourceQuality "1"]

1. d4 d5 2. Nf3 Nf6 3. e3 c6 4. c4 a6 5. Nc3 g6 6. Bd2 Bg7 7. a4 0-0 8. Bd3 a5 9. 0-0 Na6 10. Ne5 Nb4 11. Bb1 Nd7 12. f4 Nxe5 13. fxe5 dxc4 14. Ne4 Na6 15. Qc2 c5 16. Qxc4 Be6 17. Qb5 cxd4 18. Bxa5 Qc8 19. exd4 Bc4 20. Qb6 Bxf1 21. Kxf1 Qc4+ 22. Kf2 Rfc8 23. Bc3 Rab8 24. Ba2 Qd3 25. Re1 Qc2+ 26. Re2 Qxa4 27. Qb3 Qxb3 28. Bxb3 e6 29. Ke3 Nc7 30. Nd6 Rf8 31. Bb4 Nd5+ 32. Bxd5 exd5 33. Rc2 b6 34. Rc7 Bh6+ 35. Kd3 Kg7 36. Ba3 Kg8 37. Nb7 Rfc8 38. Rd7 Bg7 39. g3 Bh6 40. Be7 Bf8 41. Bg5 h6 42. Bf6 Bg7 43. Nd6 Bxf6 44. Nxc8 Rxc8 45. exf6 Rc6 46. Rd8+ Kh7 47. Rxd5 Rxf6 48. Rb5 Kg7 49. d5 Rd6 50. Kd4 Kf6 51. Rb3 Kg5 52. Ke5 Rd8 53. Rxb6 Kg4 54. Rc6 g5 55. d6 h5 56. Kf6 Rd7 57. b4 Kh3 58. Kxg5 Kxh2 59. Kxh5 Kxg3 60. Kg5 Kf3 61. Kf5 Ke3 62. Ke5 Kd3 63. Rc7 Rd8 64. Rxf7 Kc4 65. d7 Kxb4 66. Kd6 1-0

[Event "American Continental 13th"]
[Site "Medellin"]
[Date "2017.06.10"]
[Round "1"]
[White "Ruiz Castillo, Joshua Daniel"]
[Black "Gamboa Alvarado, Olga Leticia"]
[Result "1-0"]
[WhiteElo "2367"]
[BlackElo "1925"]
[PlyCount "77"]
[EventDate "2017.06.10"]
[EventType "swiss"]
[EventRounds "11"]
[EventCountry "COL"]
[SourceTitle "CBM 178 Extra"]
[Source "ChessBase"]
[SourceDate "2017.06.22"]
[SourceVersion "1"]
[SourceVersionDate "2017.06.22"]
[SourceQuality "1"]

1. e4 e6 2. d4 d5 3. Nc3 Bb4 4. e5 c5 5. a3 Bxc3+ 6. bxc3 Ne7 7. Qg4 Nbc6 8. Qxg7 Rg8 9. Qxh7 cxd4 10. cxd4 Nxd4 11. Qd3 Qa5+ 12. Bd2 Qa4 13. Ra2 Bd7 14. Nf3 Nxf3+ 15. Qxf3 Bb5 16. Qb3 Qe4+ 17. Qe3 Bxf1 18. Qxe4 dxe4 19. Kxf1 Rd8 20. Ke2 Nc6 21. Bf4 Rd5 22. Rb1 b6 23. a4 Nxe5 24. Rb4 Rg7 25. Rxe4 Rg4 26. f3 Rh4 27. a5 Ng6 28. Bc7 Rxa5 29. Rxa5 bxa5 30. Rxh4 Nxh4 31. Bxa5 Kd7 32. Be1 Nf5 33. Kd3 Kc6 34. h4 Kd5 35. h5 Ke5 36. Bc3+ Kf4 37. h6 Nxh6 38. Bd2+ Kg3 39. Bxh6 1-0

[Event "Gibraltar Masters 15th"]
[Site "Caleta"]
[Date "2017.02.02"]
[Round "10"]
[White "Gamboa Alvarado, Olga Leticia"]
[Black "Day, Christopher"]
[Result "1-0"]
[WhiteElo "1913"]
[BlackElo "1760"]
[PlyCount "23"]
[EventDate "2017.01.24"]
[EventType "swiss"]
[EventRounds "10"]
[EventCountry "GGB"]
[SourceTitle "EXT 2018"]
[Source "ChessBase"]
[SourceDate "2017.10.13"]
[SourceVersion "1"]
[SourceVersionDate "2017.10.13"]
[SourceQuality "1"]

1. d4 d5 2. c4 c6 3. cxd5 cxd5 4. Nc3 Nf6 5. Nf3 Nc6 6. Bf4 Bf5 7. e3 e6 8. Qb3 Bb4 9. Bb5 Nd7 10. Bxc6 Bxc3+ 11. Qxc3 Rc8 12. Bxd7+ 1-0

[Event "Gibraltar Masters 15th"]
[Site "Caleta"]
[Date "2017.01.30"]
[Round "7"]
[White "Neumanova, Monika"]
[Black "Gamboa Alvarado, Olga Leticia"]
[Result "0-1"]
[WhiteElo "1707"]
[BlackElo "1913"]
[PlyCount "50"]
[EventDate "2017.01.24"]
[EventType "swiss"]
[EventRounds "10"]
[EventCountry "GGB"]
[SourceTitle "CBM 177"]
[Source "ChessBase"]
[SourceDate "2017.03.16"]
[SourceVersion "1"]
[SourceVersionDate "2017.03.16"]
[SourceQuality "1"]

1. d4 Nf6 2. c4 e5 3. dxe5 Ng4 4. Nf3 Nc6 5. Nc3 Bc5 6. e3 Ngxe5 7. Be2 a6 8. 0-0 d6 9. b3 0-0 10. Bb2 f5 11. Nd4 Bd7 12. Nd5 Ne7 13. Nf4 Qc8 14. Nf3 Nxf3+ 15. Bxf3 Bc6 16. Bxc6 bxc6 17. Nh5 Rf7 18. Qf3 Qe6 19. Nf4 Qe4 20. Qg3 a5 21. Rac1 a4 22. Ba1 Ng6 23. Nxg6 hxg6 24. Qxg6 f4 25. exf4 Qxg6 0-1

[Event "Gibraltar Masters 15th"]
[Site "Caleta"]
[Date "2017.01.24"]
[Round "1"]
[White "Tsolakidou, Stavroula"]
[Black "Gamboa Alvarado, Olga Leticia"]
[Result "1/2-1/2"]
[WhiteElo "2387"]
[BlackElo "1913"]
[PlyCount "72"]
[EventDate "2017.01.24"]
[EventType "swiss"]
[EventRounds "10"]
[EventCountry "GGB"]
[SourceTitle "CBM 177"]
[Source "ChessBase"]
[SourceDate "2017.03.16"]
[SourceVersion "1"]
[SourceVersionDate "2017.03.16"]
[SourceQuality "1"]

1. d4 Nf6 2. c4 e6 3. g3 Bb4+ 4. Nd2 d5 5. Bg2 0-0 6. Ngf3 Nbd7 7. 0-0 c6 8. Qc2 Re8 9. e4 e5 10. exd5 cxd5 11. cxd5 exd4 12. Qc4 Bf8 13. Qxd4 Nb6 14. b3 Qxd5 15. Bb2 Qxd4 16. Nxd4 Bc5 17. Rac1 Bb4 18. Nc4 Nxc4 19. Rxc4 Bd6 20. Nb5 Be5 21. Nc7 Bxc7 22. Rxc7 Re2 23. Rfc1 Be6 24. Bd4 Rxa2 25. Rxb7 Rd8 26. b4 a6 27. Bb6 Re8 28. Bc6 Rc8 29. Rc7 Rxc7 30. Bxc7 h6 31. Ba5 Nd5 32. Bb7 Ra4 33. Bc6 Ra2 34. Bb7 Ra4 35. Bc6 Ra2 36. Bb7 Ra4 1/2-1/2

[Event "CRI-ch (Women)"]
[Site "San Jose"]
[Date "2016.06.18"]
[Round "6"]
[White "Gamboa Alvarado, Olga Leticia"]
[Black "Salazar Gould, Melannie"]
[Result "1-0"]
[WhiteElo "1926"]
[BlackElo "1671"]
[PlyCount "87"]
[EventDate "2016.06.11"]
[EventType "tourn"]
[EventRounds "7"]
[EventCountry "CRI"]
[SourceTitle "CBM 173 Extra"]
[Source "ChessBase"]
[SourceDate "2016.08.29"]
[SourceVersion "1"]
[SourceVersionDate "2016.08.29"]
[SourceQuality "1"]

1. d4 f5 2. e4 e6 3. e5 d6 4. Nf3 dxe5 5. Nxe5 Nf6 6. Bg5 Nbd7 7. f4 c5 8. dxc5 Bxc5 9. Bb5 Qb6 10. Bxd7+ Bxd7 11. Bxf6 Bf2+ 12. Kf1 Bb5+ 13. c4 gxf6 14. Qh5+ Ke7 15. Qf7+ Kd6 16. Nc3 Bc6 17. Rd1+ Bd4 18. Qxf6 Bxg2+ 19. Ke1 a6 20. Nf7+ Kc7 21. Rxd4 Bxh1 22. Nxh8 Qxb2 23. Qe7+ Kb8 24. Rd8+ Ka7 25. Qc5+ b6 26. Rd7+ Bb7 27. Qe5 Qxh2 28. Nf7 Rg8 29. Ne2 Qh1+ 30. Kd2 Qc6 31. Qc7 Qxc7 32. Rxc7 Rg7 33. Nd4 Rg2+ 34. Kc3 Kb8 35. Nxe6 Bc8 36. Nfd8 Bxe6 37. Nxe6 h5 38. Rh7 Rh2 39. Kd4 a5 40. Kd5 h4 41. Kc6 h3 42. Rh8+ Ka7 43. Nc7 Rxa2 44. Ra8# 1-0

[Event "CRI-ch (Women)"]
[Site "San Jose"]
[Date "2016.06.18"]
[Round "5"]
[White "Nunez Gonzalez, Neeshmy"]
[Black "Gamboa Alvarado, Olga Leticia"]
[Result "1-0"]
[WhiteElo "1847"]
[BlackElo "1926"]
[PlyCount "117"]
[EventDate "2016.06.11"]
[EventType "tourn"]
[EventRounds "7"]
[EventCountry "CRI"]
[SourceTitle "CBM 173 Extra"]
[Source "ChessBase"]
[SourceDate "2016.08.29"]
[SourceVersion "1"]
[SourceVersionDate "2016.08.29"]
[SourceQuality "1"]

1. d4 Nf6 2. Nf3 b6 3. Nbd2 Bb7 4. c4 d6 5. b3 Nbd7 6. Bb2 g6 7. Qc2 Bg7 8. e4 0-0 9. h3 e5 10. Bd3 exd4 11. Nxd4 Nc5 12. 0-0-0 a5 13. a3 Re8 14. Rhe1 Qd7 15. g4 Re7 16. f3 Qd8 17. Ne2 Qf8 18. Ng3 Nfd7 19. f4 Bxb2+ 20. Kxb2 Qg7+ 21. Ka2 Bc6 22. Bf1 a4 23. b4 Nb3 24. Qb2 Nd4 25. g5 Rae8 26. Bd3 Bb7 27. h4 f6 28. Qxd4 fxg5 29. Qxg7+ Kxg7 30. hxg5 h6 31. gxh6+ Kxh6 32. Rh1+ Kg7 33. Rh2 Nf6 34. f5 Ng4 35. Re2 Rh8 36. Rf1 Rh3 37. Rf3 Rf7 38. Ngf1 Rxf3 39. Nxf3 gxf5 40. N3d2 Ne5 41. Bc2 fxe4 42. Bxe4 Ba6 43. Rg2+ Kf6 44. Rf2+ Ke7 45. Rxf7+ Kxf7 46. b5 Bc8 47. Kb2 Bg4 48. Ne3 Bd7 49. Nd5 Nxc4+ 50. Nxc4 Bxb5 51. Ndxb6 Ke6 52. Bd5+ Ke7 53. Nc8+ Kd7 54. Na7 c6 55. Nxb5 cxd5 56. Ne3 Kc6 57. Nd4+ Kc5 58. Kc3 Kb6 59. Kb4 1-0

[Event "CRI-ch (Women)"]
[Site "San Jose"]
[Date "2015.08.29"]
[Round "3"]
[White "Ramirez Gonzalez, Maria Jose"]
[Black "Gamboa Alvarado, Olga Leticia"]
[Result "0-1"]
[WhiteElo "1817"]
[BlackElo "1921"]
[PlyCount "82"]
[EventDate "2015.08.26"]
[EventType "tourn"]
[EventRounds "9"]
[EventCountry "CRI"]
[SourceTitle "EXT 2016"]
[Source "ChessBase"]
[SourceDate "2015.10.08"]
[SourceVersion "1"]
[SourceVersionDate "2015.10.08"]
[SourceQuality "1"]

1. d4 Nf6 2. Nf3 g6 3. Bf4 Bg7 4. e3 d6 5. h3 Nbd7 6. Be2 0-0 7. 0-0 Re8 8. c4 Nh5 9. Bh2 e5 10. Nc3 f5 11. dxe5 dxe5 12. g4 Nhf6 13. Nxe5 Nxe5 14. Qxd8 Rxd8 15. Bxe5 fxg4 16. hxg4 Bxg4 17. Bxg4 Nxg4 18. Bxg7 Kxg7 19. Rad1 c6 20. c5 Nf6 21. b4 Kf7 22. e4 Ke6 23. f4 Ng4 24. Rfe1 Rxd1 25. Rxd1 Rf8 26. Rd6+ Ke7 27. Ne2 Nf6 28. Ng3 Ne8 29. Rd2 Rxf4 30. Rh2 Rf7 31. e5 Ke6 32. Nf1 Nc7 33. Nd2 Kxe5 34. Nc4+ Kd4 35. Nd6 Re7 36. Rh4+ Ke3 37. Nxb7 Kf3 38. Rh3+ Kg4 39. Ra3 Nb5 40. Ra6 Kg3 41. Kf1 Rxb7 0-1